000 01602cam a2200433 a 4500
001 22651
003 SK-KTurca
005 20260413165923.0
008 160430s2013 xo a cr 000 f slo
015 _aSNBA2014/02
020 _a9788055607863 (viaz.)
040 _aPPPK
_bslo
_cPPPK
_dSNK
_eAACR2
041 1 _aslo
_heng
044 _axo
_cSK
072 7 _a821.111-3
_xAnglická próza, anglicky písaná
_2konspekt
072 7 _a821-93
_xLiteratúra pre deti a mládež (beletria)
_2konspekt
080 _a821.111-31
_22001
080 _a(0:82-311.5)
_22001
080 _a821-93
_22001
100 1 _aWalliams, David,
_d1971-
_4aut
240 1 0 _aGangsta granny
_lSlovensky
245 1 0 _aBabka gaunerka
_cDavid Walliams ; ilustroval Tony Ross ; z anglického originálu Gangsta granny ... preložila Michaela Hajduková
260 _aBratislava
_bSlovart
_c2013
300 _a292 s.
_bilustr.
_c20 cm
500 _aNa obale: Najobľúbenejšia detská kniha Veľkej Británie roku 2013
521 1 _aPre čitateľov od 9 rokov
655 7 _aanglické romány
_2SNKPH
655 7 _ahumoristické romány
_2SNKPH
655 7 _aliteratúra pre deti
_2SNKPH
655 7 _aEnglish fiction
_2SNKPHeng
655 7 _aHumorous novels
_2SNKPHeng
655 7 _aChildren’s literature
_2SNKPHeng
700 1 _aRoss, Tony,
_d1938-
_4ill
700 1 _aHajduková, Michaela
_c(prekladateľka)
_4trl
700 1 _iPokračovanie:
_aWalliams, David,
_d1971-
_tBabka gaunerka opäť v akcii!
942 _2ddc
_cKLDE
_n0
999 _c22651
_d22651